00482nam a2200205Ia 4500003000400000005001700004008004100021020001800062040000700080041000800087082001700095100003200112245002500144250000700169260005000176300001200226365001300238650001700251650000800268OSt20230419093431.0210423s2010 xx 000 0 und d a9788171947539 cAL aeng a346.066 MAJA aMAJUMDAR (A K);KAPOOR (G K) aTaxmanns company law a13 aNew DelhibTaxmann Publications Pvt Ltdc2010 a617bPB b475cINR aBusiness Law aLaw